|
|
|
|
| LEADER |
00000cam a2200000 7i4500 |
| 001 |
0000002522 |
| 005 |
20030717.0 |
| 090 |
0 |
0 |
|a 333.750913
|b IDE 1998
|
| 245 |
0 |
0 |
|a IDENTIFICATION of deforestation hot spot areas in the humid tropics :
|b synthesis of the results of an Expert Consultation Meeting, Ispra, 24-25 November 1997
|c edited by F. Achard ... (et al.)
|
| 260 |
0 |
0 |
|a Luxembourg :
|b European Commission ,
|c 1998
|
| 300 |
|
|
|a 99 p. :
|b folded maps ;
|c 30 cm.
|
| 440 |
0 |
0 |
|a Trees publications series B. Research report; no. 4
|
| 500 |
0 |
0 |
|a Bibliography : p. 89-95
|
| 650 |
0 |
0 |
|a Deforestation
|z Tropics
|
| 700 |
0 |
1 |
|a Acharf
|h F.
|
| 745 |
0 |
0 |
|a Trees: tropical ecosystem environment observations by satellites
|
| 998 |
|
|
|a JPSM
|
| 999 |
|
|
|a 0000004625
|b Monograph
|c Open Shelf
|e Default branch
|